000 00405nam a2200145 a 4500
020 _a0030071038
050 0 0 _aQA 531
_b.G83 1989
100 1 _aGrossman, Stanley I.
245 1 0 _aCollege trigonometry /
_cStanley I. Grossman.
260 _aPhiladelphia :
_bSaunders College Pub.,
_cc1989.
300 _axv, 309, 30, 4 p. :
500 _aIncludes index.
650 0 _xcollege trigonometry
942 _2lcc
_cGEN
999 _c7642
_d7642